000 00776nam a2200217 a 4500
001 000020526
005 20200930011125.0
008 100322s1999 sp 001 0 spa d
020 _a8481810657
040 _aDO-SdBNP
_bspa
_cBNPHU
082 _axxxx
_bxxx
245 0 0 _aReglas de catalogación :
_bEdición revisada /.
250 _a4a. reimpr.
260 _aMadrid :
_bMinisterio de Cultura
_bSecretaría General Técnica,
_c1999.
300 _axxvi, 626 p ;
_c29 cm.
490 0 _aDirección General del Libro, archivos y bibliotecas
500 _aIncluye índice analítico
500 _aIncluye apéndices y glosario
500 _aIncluye índice de autores clásicos griegos más conocidos.
830 0 _aDirección General del Libro, archivos y bibliotecas
_943247
999 _c20030
_d20030